000 00294nam a2200133Ia 4500
008 221030s9999 xx 000 0 und d
041 _aEnglish
082 _a105.23
100 _aK L James
245 4 _aThe Internet- A USER Guide
_cby K L James
260 _c0
650 _aMc
942 _cBK
999 _c11531
_d11531